|
|
|
|
| LEADER |
01360nam a2200289 a 4500 |
| 001 |
1994114 |
| 008 |
100128s1987 bg b 000 0 eng d |
| 010 |
|
|
|a 89906029
|
| 040 |
|
|
|a DLC
|c DLC
|d DLC
|d DB-DhAAL
|
| 082 |
0 |
0 |
|a 305.42/095492
|2 20
|
| 100 |
1 |
|
|a Qadir, Sayeda Rowshan.
|
| 245 |
1 |
0 |
|a Women representatives at the Union level as change agent of development /
|c Sayeda Rowshan Qadir, Mahmuda Islam.
|
| 250 |
|
|
|a 1st ed.
|
| 260 |
|
|
|a Dhaka :
|b Women for Women, Research and Study Group,
|c 1987.
|
| 300 |
|
|
|a ix, 86 p. ;
|c 23 cm.
|
| 500 |
|
|
|a Study on women members of the union parishads in Bangladesh, the lowest tier of local government.
|
| 504 |
|
|
|a Includes bibliographical references (p. 57-58)
|
| 541 |
1 |
|
|e 00004833
|
| 650 |
|
0 |
|a Women
|x Political activity
|z Bangladesh.
|
| 650 |
|
0 |
|a Women
|z Bangladesh
|x Social conditions.
|
| 650 |
|
0 |
|a Women's rights
|z Bangladesh.
|
| 650 |
|
0 |
|a Local government
|z Bangladesh.
|
| 700 |
0 |
|
|a Mahmuda Islam.
|
| 852 |
4 |
|
|a Ayesha Abed Library
|j General Shelf.
|
| 999 |
|
|
|c 7243
|d 7243
|
| 952 |
|
|
|0 0
|1 0
|2 ddc
|4 0
|6 305_420954920000000_QAD_1987
|7 0
|9 7551
|a BRACUL
|b BRACUL
|c GEN
|d 2010-01-28
|g 35.00
|l 0
|o 305.42095492 QAD
|p 3010004833
|r 2010-01-28
|t 1
|w 2010-01-28
|y BK
|
| 952 |
|
|
|0 0
|1 0
|2 ddc
|4 0
|6 305_420954920000000_QAD_1987
|7 0
|9 7623
|a BRACUL
|b BRACUL
|c GEN
|d 2010-01-31
|g 35.00
|l 0
|o 305.42095492 QAD
|p 3010005022
|r 2010-01-31
|t 2
|w 2010-01-31
|y BK
|